Educação, Sociedade & Culturas

保存先:
書誌詳細
フォーマット: 電子媒体 雑誌
出版事項: Faculdade de Psicologia e Ciencias da Educacao
オンライン・アクセス:Available in Education Source.
タグ: タグ追加
タグなし, このレコードへの初めてのタグを付けませんか!

MARC

LEADER 00000nas a22000002 4500
001 ebs49507269e
003 EBZ
006 m d ||||||
007 cr|unu||||||||
008 241105| xx uu p o 0 0||| d
022 |a 2184-8408  |y 0872-7643 
035 |a (EBZ)ebs49507269e 
040 |a EBZ 
042 |a msc 
050 0 0 |a LC  
130 0 |a Educação, Sociedade & Culturas (Online) 
222 1 0 |a Educação, Sociedade & Culturas 
245 0 0 |a Educação, Sociedade & Culturas  |h [electronic resource]. 
260 |b Faculdade de Psicologia e Ciencias da Educacao 
773 0 |t Education Source   |d EBSCO 
856 4 0 |3 Full text available: Dec 2010-Jun 2019.  |z Available in Education Source.  |u https://researchs.unach.elogim.com/direct.asp?db=eue&jid=12HE&scope=site 
901 |a Academic Journal